[Event "Munich SKA"]
[Site "Munich"]
[Date "1992.??.??"]
[Round "3"]
[White "Huebner, Robert"]
[Black "Lobron, Eric"]
[Result "0-1"]
[WhiteElo "2615"]
[BlackElo "2575"]
[Annotator "Dautov,R"]
[PlyCount "80"]
[EventDate "1992.05.??"]
[EventType "tourn"]
[EventRounds "11"]
[EventCountry "GER"]
[EventCategory "14"]
[SourceTitle "CBM 030"]
[Source "ChessBase"]
[SourceDate "1992.10.01"]
[SourceVersion "1"]
[SourceVersionDate "1992.10.01"]
[SourceQuality "1"]

1. d4 {Hansen,Cu Ftacnik} Nf6 2. c4 e6 3. Nc3 Bb4 4. e3 O-O 5. Bd3 d5 6. Nf3 c5
7. O-O Nc6 8. a3 Bxc3 9. bxc3 Qc7 10. a4 (10. cxd5 {Hansen,Cu} exd5 11. Nh4)
10... dxc4 11. Bxc4 b6 (11... Rd8 12. Ba3 b6 (12... cxd4 $6 13. cxd4 Nxd4 14.
Nxd4 Qxc4 15. Be7 Rd5 16. Bxf6 gxf6 17. Qf3 $16) 13. Ba2 Ba6 14. Re1 h6 15. e4
Na5 16. Bb1 e5 17. d5 Re8 $10 {Lutikov-Shishov SSSR 1954(ECO)}) (11... e5 12.
Ba3 (12. dxe5 {Ftacnik} Nxe5 13. Nxe5 Qxe5 14. Qe2 Be6 15. Bd3 Rad8 16. Ra3 Nd7
17. c4 Qc7 18. f4 $14 {Acosta-Servat/Argentina ch/1987/}) 12... e4 13. Nd2 b6
14. Qc2 Na5 15. Be2 Re8 16. dxc5 bxc5 17. c4 Bg4 18. Bd1 Bxd1 19. Rfxd1 Ng4 20.
Nf1 Ne5 21. Rd5 Nd3 22. Qc3 $14 {ECO}) 12. Ba3 (12. Qe2 e5 $1) 12... Rd8 (12...
Bb7 13. Be2 Rfd8 14. Qc2 Na5 15. dxc5 bxc5 16. c4 Be4 17. Qc3 Rab8 $10 {
Najdorf,M-Reshevsky Zuerich 1953(ECO)}) 13. Qe2 Bb7 (13... e5 $5) 14. h3 $6 (
14. Rfd1 $142 Na5 (14... h6 {Hansen,Cu} 15. Ba2 Ne4 16. Rac1 $14 {
Wood-Mitchell corr1-WCH 1950}) 15. Bd3) (14. dxc5 {Ftacnik} Na5 15. Ba2 bxc5
16. Rfd1 $13) 14... Rac8 15. Ba2 Na5 16. Ne5 (16. Rac1 {Ftacnik} Bd5 $13 (16...
Qc6 {Hansen,Cu ><a4})) 16... Bd5 17. Bb2 $2 (17. c4 Bb7 (17... cxd4 18. cxd5 (
18. exd4 Bxc4 19. Nxc4 Nxc4 20. Rac1 Rxd4 21. Bb2 Rd2 22. Qxd2 Nxd2 23. Rxc7
Rxc7 24. Rd1 Rc2 $19) 18... Qxe5 19. dxe6 fxe6 20. Rad1 $132) 18. Rfd1 Nd7 (
18... Ne4 $36 {Ftacnik}) 19. Nf3 Bc6 20. d5 Bxa4 21. Rdb1 $44) (17. Rac1 $5) (
17. Rac1 {Hansen,Cu} Qb7 $132) 17... cxd4 18. cxd4 (18. exd4 $2 {Hansen,Cu}
Bxa2 19. Rxa2 Nc4) 18... Qc2 19. Rfe1 (19. Qxc2 {Ftacnik} Rxc2 20. Bxd5 Nxd5
21. Ba3 f6 22. Nd3 Nc4 $17) 19... Qxe2 (19... Bxa2 $1 {Hansen,Cu} 20. Rxa2 Ne4
{/\f7-f6} 21. Ba1 Qxe2 22. Raxe2 f6 23. Nf3 Rc4 $17) 20. Rxe2 Bxa2 21. Rxa2 Nd5
$17 22. Ra1 (22. e4 {Ftacnik} Nf4 23. Rd2 f6 24. Nf3 Nb3 25. Rd1 Rc2 $17) 22...
f6 23. Nf3 (23. Nd3 Rc4 24. Kf1 Kf7 25. Ke1 Rdc8 26. Kd1 $2 Nb3 27. Ra3 Nc3+
28. Bxc3 Rxc3 $19) 23... Rc4 24. g3 Kf7 25. Kf1 (25. e4 Nb4 $17 {><d4} (25...
Nc3 {Ftacnik} 26. Bxc3 Rxc3 $17)) 25... Rd7 26. Nd2 (26. Ke1 Rdc7 $17 {/\Nb3})
26... Rc6 $1 (26... Rb4 27. Ne4 Nc4 (27... Rc7 28. Nd6+ Kg6 29. Nb5) 28. Bc3
Rb3 (28... Nxc3 29. Nxc3 $15) 29. Be1 Rc7 30. a5 $15) (26... Rc2 {Ftacnik} 27.
Ne4) 27. Ba3 (27. Nf3 Rdc7 $17) 27... Nc4 (27... f5 $2 {Hansen,Cu /\28. - Sc3
29.Te1 Se4} 28. Nf3 Nc4 29. Rc1 $16) 28. Nxc4 Rxc4 29. a5 (29. Bb2 {Ftacnik}
Rdc7 $17) (29. Bb2 $15 {Hansen,Cu}) 29... b5 (29... bxa5 {Ftacnik} 30. Bc5 $132
) 30. Bc5 (30. a6 Ra4 31. Bb2 Rxa1+ 32. Bxa1 Rd6 33. Ra2 Nb4 $19) 30... a6 31.
Rb2 e5 32. Ke1 f5 33. g4 f4 $1 34. Rb3 (34. e4 {Ftacnik} exd4 (34... Nc3 {
Hansen,Cu}) 35. exd5 Rxc5 $19) 34... Ke6 35. Bb6 (35. e4 {Ftacnik} Nf6 36. f3
exd4 $17) 35... fxe3 36. fxe3 e4 $19 37. Ra2 Rf7 38. Rf2 Rc1+ 39. Kd2 Rxf2+ 40.
Kxc1 Rf3 (40... Rf3 {Ftacnik} 41. Kd2 Rxh3 $19) 0-1

[Event "Bad Lauterberg Bohemia"]
[Site "Bad Lauterberg"]
[Date "1991.11.06"]
[Round "2"]
[White "Knaak, Rainer"]
[Black "Luther, Thomas"]
[Result "1/2-1/2"]
[WhiteElo "2535"]
[BlackElo "2495"]
[Annotator "Ernst,T"]
[PlyCount "59"]
[EventDate "1991.11.05"]
[EventType "tourn"]
[EventRounds "11"]
[EventCountry "GER"]
[EventCategory "10"]
[SourceTitle "CBM 027"]
[Source "ChessBase"]
[SourceDate "1992.04.01"]
[SourceVersion "1"]
[SourceVersionDate "1992.04.01"]
[SourceQuality "1"]

1. d4 e6 2. c4 Nf6 3. Nc3 Bb4 4. e3 O-O 5. Bd3 d5 6. Nf3 c5 (6... b6 7. O-O Bb7
8. cxd5 exd5 9. Ne5 Bd6 (9... a6 10. Ne2 Bd6 11. b3 Nbd7 12. Bb2 Re8 13. f4 Ne4
14. Bxe4 dxe4 15. Ng3 Nf6 $14 {Donner-Van Scheltinga/ Beverwijk 1965}) 10. f4
c5 11. Qf3 Nc6 12. Qh3 g6 13. Bd2 cxd4 14. Nxc6 Bxc6 15. exd4 Ne4 16. Bxe4 dxe4
17. f5 $14 {Gipslis - Simagin, Fernpartie 1967.}) 7. O-O Nc6 (7... b6 8. cxd5
exd5 9. dxc5 bxc5 10. Ne2 Bb7 11. b3 Nbd7 12. Bb2 Ba5 13. Ng3 g6 14. Rc1 Rc8
15. Rc2 Qe7 16. Qe2 Rc7 17. Rfc1 Rfc8 $14 {Gligoric - Szabo, Moskau (ol) 1956.}
) 8. a3 Bxc3 9. bxc3 dxc4 10. Bxc4 Qc7 11. Ba2 $1 e5 12. h3 e4 13. Nh2 Na5 (
13... Bf5 14. Ng4 Nxg4 15. hxg4 Bg6 16. a4 Rfd8 17. Qe2 b6 18. Ba3 Kh8 19. Rad1
cxd4 20. cxd4 f6 $14 {Maric.}) 14. f3 c4 15. Bb1 Re8 16. Ra2 Bf5 $1 {Eine
Verstärkung gegenüber der Partie Furman - Korelov, URS 1957, in der 16.-Ld7 17.
Taf2 mit weissem Angriff geschah.} (16... Bd7 17. Raf2 $16 {Furman,S-Korelov,A/
Leningrad-ch URS 1957}) 17. Qe1 Nd5 18. g4 (18. Ng4 {Knaak} Nb3 $1 19. Ne5 (19.
Nf2 $2 exf3) 19... Rxe5 $1 20. dxe5 Qxe5 $17) 18... Bg6 19. f4 f6 20. f5 Bf7
21. Rg2 (21. g5 $5 {Knaak} fxg5 22. Rg2 Nb3 (22... h6 23. h4 $40) 23. Rxg5 h6 (
23... Nxc1 24. Qxc1 Qa5 25. f6 $40) 24. Rg2 $13) 21... g5 22. fxg6 hxg6 23.
Rff2 Kg7 24. Nf1 Nb3 25. Bb2 Rh8 26. Rh2 Rae8 27. Kg2 g5 28. Bc2 Bg6 29. Bd1 (
29. Qd1 $6 {Luther} b5 30. Bxb3 cxb3 31. Qxb3 Nf4+ $5 32. Kh1 $1 $13 (32. exf4
$2 gxf4 $19)) 29... b5 30. Bxb3 1/2-1/2

[Event "Belgrade Investbank"]
[Site "Belgrade"]
[Date "1991.??.??"]
[Round "?"]
[White "Jussupow, Artur"]
[Black "Ljubojevic, Ljubomir"]
[Result "1-0"]
[WhiteElo "2625"]
[BlackElo "2600"]
[Annotator "Ernst,T"]
[PlyCount "125"]
[EventDate "1991.11.??"]
[EventType "tourn"]
[EventRounds "11"]
[EventCountry "YUG"]
[EventCategory "15"]
[SourceTitle "CBM 027"]
[Source "ChessBase"]
[SourceDate "1992.04.01"]
[SourceVersion "1"]
[SourceVersionDate "1992.04.01"]
[SourceQuality "1"]

1. d4 {Yusupov} Nf6 2. c4 e6 3. Nc3 Bb4 4. e3 O-O 5. Bd3 d5 6. Nf3 c5 7. O-O
Nc6 8. a3 Bxc3 9. bxc3 dxc4 10. Bxc4 Qc7 11. Bd3 e5 12. Qc2 Re8 (12... Bg4 13.
Nxe5 Nxe5 14. dxe5 Qxe5 15. f3 Bd7 16. a4 Rfe8 17. e4 c4 18. Be2 Qc5+ 19. Kh1
Rad8 $14 {Tal}) (12... Rd8 13. h3 b6 14. e4 Bb7 15. d5 Ne7 16. c4 Ng6 17. g3
$14 {Tolush - O'Kelly, Hastings 1953/54.}) 13. dxe5 Nxe5 14. Nxe5 Qxe5 15. f3
Bd7 (15... Be6 16. e4 Rad8 17. Be2 b6 18. a4 Bd7 19. Rd1 Bc6 20. Rxd8 Rxd8 21.
Be3 h6 22. Bf2 Nh5 23. Rd1 {23.g3? g5!, Karpov - Spasskij, Leningrad (m) 1974.}
Rxd1+ 24. Bxd1 $10 {Kotov}) 16. a4 Rac8 (16... Bc6 17. Re1 h5 18. e4 Nd5 19.
Bd2 Nf4 20. Bf1 h4 $10 {Gligoric - Pachman, Portoroz (izt) 1958.}) 17. Re1 h6
18. e4 (18. Bf1 {Yusupov}) 18... Nd5 19. Bd2 (19. Bxh6 {Yusupov} Qxc3 20. Qxc3
(20. Bd2 $2 Qd4+ 21. Kh1 Nb4 $17) 20... Nxc3 21. Bd2 Nxa4 22. Bc2 b5 $10) 19...
Nf4 20. Bf1 c4 $2 {Ein positioneller Fehler, Schwarz verliert die Kontrolle
über die Diagonale g1-a7.} (20... b6 $14 {Yusupov}) 21. Be3 Qc7 (21... Nd3 {
Yusupov} 22. Bxd3 (22. Reb1 b6 23. Bd4 $16) 22... cxd3 23. Qxd3 Rxc3 24. Qxd7
Rxe3 25. Qxe8+ Qxe8 26. Rxe3 $16 Qe5 27. Ree1) 22. Qd2 Ne6 23. Bxc4 Qxc4 24.
Qxd7 Nc5 25. Qb5 Nd3 26. Red1 Qxb5 27. axb5 Rxc3 28. Bxa7 $16 Ra8 29. Bd4 Rxa1
30. Rxa1 Rb3 31. b6 Kh7 32. h4 Nb4 33. Rd1 (33. Ra8 $18 {Yusupov}) 33... h5 34.
Kf2 Nd3+ 35. Kg3 Kg6 36. Rd2 Nb4 37. Bg1 Rd3 38. Rb2 (38. Rxd3 {Yusupov} Nxd3
39. Bd4 f6 40. f4 f5 $16) 38... Nc6 39. Rb5 f6 40. Kh3 Kh6 41. Bh2 Kg6 42. Bc7
Ne7 43. Kg3 Nc8 44. Kf4 Rd2 45. g4 hxg4 46. fxg4 Ne7 47. Ke3 Rg2 48. Kf3 (48.
Rc5 {Yusupov} Rxg4 (48... Rb2) 49. Bd6 f5 50. e5 Ng8 51. Rc7 $18) 48... Rd2 49.
h5+ Kf7 50. Ra5 Nc6 51. Rd5 Rb2 52. Rd7+ Kg8 53. Kf4 $18 (53. e5 {Yusupov} Rxb6
54. Rxg7+ $18) 53... Rf2+ 54. Kg3 Rb2 55. e5 $1 fxe5 (55... Nxe5 {Yusupov} 56.
Bxe5 fxe5 57. Rxb7 g5 58. Kf3 $18) 56. g5 g6 (56... e4 {Yusupov} 57. g6 e3 (
57... Rb5 58. Rd6 Rxh5 59. Rxc6 bxc6 60. b7 Rb5 61. b8=Q+ Rxb8 62. Bxb8 $18)
58. Rd6 $18) 57. h6 Rb3+ 58. Kf2 e4 59. Bd8 Rf3+ 60. Ke2 Ne5 (60... Rf7 61.
Rxf7 Kxf7 62. Bf6 Kg8 63. Ke3 $18) 61. h7+ Kh8 62. Bf6+ Rxf6 63. Rd8+ 1-0

[Event "Interpolis-02"]
[Site "Tilburg"]
[Date "1978.09.05"]
[Round "4"]
[White "Portisch, Lajos"]
[Black "Sosonko, Gennadi"]
[Result "1-0"]
[WhiteElo "2630"]
[BlackElo "2575"]
[Annotator "Ftacnik,L"]
[PlyCount "75"]
[EventDate "1978.09.01"]
[EventType "tourn"]
[EventRounds "11"]
[EventCountry "NED"]
[EventCategory "14"]
[SourceTitle "MCL"]
[Source "ChessBase"]
[SourceDate "1999.07.01"]
[SourceVersion "1"]
[SourceVersionDate "1999.07.01"]
[SourceQuality "1"]

1. d4 Nf6 2. c4 e6 3. Nc3 Bb4 4. e3 c5 5. Bd3 Nc6 6. Nf3 d5 7. O-O O-O 8. a3
Bxc3 9. bxc3 dxc4 (9... Qc7 10. cxd5 exd5 11. Nh4 Ne7 12. a4 Re8 13. Ba3 c4 14.
Bc2 Ng6 15. Nf5 Ne4 16. Bxe4 Rxe4 17. Ng3 Re8 $10 {Portisch-Byrne, Bugojno 1978
}) 10. Bxc4 Qc7 11. Ba2 (11. Bd3) (11. Bb2) 11... e5 12. Qc2 (12. h3) (12. d5
$6 e4) 12... Bg4 13. dxe5 Nxe5 14. Ne1 (14. Nxe5 $5) 14... Rad8 (14... c4 $5)
15. f3 Be6 16. c4 Qa5 $2 {(/\ 17...Qa6)} 17. Bb2 Rd2 18. Qc1 $1 (18. Qc3 $2
Qxc3 19. Bxc3 Rxa2 $1 20. Rxa2 Bxc4) 18... Nd3 19. Qc3 (19. Nxd3 Rxd3 20. Bb1
Rd7 21. Bxf6 (21. Qc2 Qd2) 21... gxf6 22. Qc2 f5 23. e4 Qd2) 19... Qxc3 20.
Bxc3 Rxa2 21. Rxa2 Bxc4 22. Rd2 $5 (22. Rc2 $5 Nxe1 23. Rxe1 Bd3) 22... Nd5 23.
Nxd3 (23. Bxg7 $1 $18) 23... Nxc3 24. Kf2 (24. Rc1 Bxd3 25. Rxd3 (25. Rxd3 $4
Ne2+) 25... c4) 24... f5 (24... Rd8 $6 25. Rc1 Rxd3 $1 (25... Bxd3 $2 26. Rxc3
c4 27. Rxc4 $1) 26. Rxd3 Bxd3 27. Rxc3 c4) 25. Rc1 Ne4+ 26. fxe4 Bxd3 27. Rxc5
Bxe4 (27... fxe4+ $5 28. Kg3 {/\ Rf2}) 28. Rc7 Bc6 29. Kg3 Re8 30. Kf4 h6 31.
Kxf5 Rxe3 32. Rd8+ Kh7 33. Rcc8 $1 Be4+ 34. Kf4 Re2 35. Rh8+ $1 (35. Re8 $2 g5+
) 35... Kg6 36. Rhe8 Bd3 37. Rxe2 Bxe2 38. Rc7 1-0

[Event "Dortmund-A"]
[Site "Dortmund"]
[Date "1991.??.??"]
[Round "4"]
[White "Knaak, Rainer"]
[Black "Schmittdiel, Eckhard"]
[Result "1-0"]
[WhiteElo "2515"]
[BlackElo "2485"]
[Annotator "Ftacnik,L"]
[PlyCount "111"]
[EventDate "1991.03.23"]
[EventType "tourn"]
[EventRounds "9"]
[EventCountry "GER"]
[EventCategory "12"]
[SourceTitle "CBM 023"]
[Source "ChessBase"]
[SourceDate "1991.08.01"]
[SourceVersion "1"]
[SourceVersionDate "1991.08.01"]
[SourceQuality "1"]

1. d4 {Knaak} Nf6 2. c4 e6 3. Nc3 Bb4 4. e3 O-O 5. Bd3 d5 6. Nf3 c5 7. O-O Nc6
8. a3 Bxc3 9. bxc3 dxc4 10. Bxc4 Qc7 11. Be2 e5 12. Qc2 Bg4 (12... Rd8 {Knaak})
(12... e4 {Knaak}) 13. d5 Ne7 (13... Na5 14. e4 Ne8 15. Rb1 f6 16. Ng5 Bc8 17.
Ne6 Bxe6 18. dxe6 Qe7 19. Qa4 b6 20. Rd1 Qxe6 21. Be3 $146 {Knaak,
R-Prandstetter,E/Bratislava/1983/}) (13... Nxd5 $6 {Knaak} 14. Ng5 Nf6 15. Bxg4
h6 16. Ne6 (16. Ne4 $5 Nxg4 17. h3 Nf6 18. Nxf6+ gxf6 19. e4 $40) 16... fxe6
17. Bxe6+ $16) 14. e4 c4 (14... Ne8 15. c4 Bxf3 16. Bxf3 Nd6 17. Bb2 Ng6 18. g3
$14) 15. Ne1 $1 Bxe2 16. Qxe2 Nd7 (16... Nc8 {Knaak}) 17. a4 Nc8 18. Ba3 Nd6
19. Bxd6 Qxd6 20. Nc2 (20. Qxc4 Rac8 21. Qb3 Nc5 $44) 20... f5 (20... a6 21.
Rab1 $16) 21. exf5 Qxd5 22. Rfd1 (22. Ne3 Qe4 23. Qxc4+ Qxc4 24. Nxc4 Rxf5 $14)
22... Qf7 23. Ne3 Rac8 24. Rd5 $1 Rfe8 25. Rb5 (25. Rad1 Nf6 $14) 25... Nf6 26.
Qf3 e4 (26... Re7 $5) 27. Qf4 Rcd8 28. g4 Nd5 29. Nxd5 Rxd5 30. Rxd5 Qxd5 31.
Re1 Qc6 (31... Re5 32. Rb1 $1 $16) (31... Qe5 32. Qe3 b6 33. Rd1 $16) 32. g5
Qd5 (32... Qxa4 $5 33. f6 (33. Rxe4 Qd1+ 34. Kg2 Qd5 35. f3 $36) 33... Qd7) 33.
h4 Re5 34. Qg4 Rxf5 35. Rxe4 Qc5 36. Qe2 h6 $6 37. g6 $1 Qc6 38. Qxc4+ (38. h5
{Knaak} Rg5+ 39. Kf1 Re5 $1 40. Qf3 $5 Re7 $1) 38... Qxc4 39. Rxc4 Kf8 40. Rc7
Rf4 41. h5 Rf5 42. Rxb7 Rxh5 43. Rf7+ Kg8 44. f4 Ra5 45. c4 Rxa4 46. Rc7 Kf8
47. f5 a5 48. c5 Rc4 49. c6 a4 50. Rf7+ Ke8 51. Rxg7 Rxc6 52. Ra7 Kf8 53. Rxa4
Rc5 (53... Rf6 54. Ra5 $18) 54. Rf4 Kg7 55. f6+ $1 Kf8 56. Rg4 {Ftacnik,L} (56.
Rg4 Rf5 57. g7+ Kg8 58. Rg6 $18) 1-0

[Event "RUS-ch"]
[Site "Elista"]
[Date "1996.??.??"]
[Round "3"]
[White "Shcherbakov, Ruslan"]
[Black "Loginov, Valery A"]
[Result "1-0"]
[WhiteElo "2555"]
[BlackElo "2525"]
[Annotator "Kantsler,B"]
[PlyCount "101"]
[EventDate "1996.10.15"]
[EventType "swiss"]
[EventRounds "11"]
[EventCountry "RUS"]
[SourceTitle "CBM 056"]
[Source "ChessBase"]
[SourceDate "1997.02.01"]
[SourceVersion "1"]
[SourceVersionDate "1997.02.01"]
[SourceQuality "1"]

1. d4 Nf6 2. c4 e6 3. Nc3 Bb4 4. e3 O-O 5. Bd3 d5 6. Nf3 c5 7. O-O Nc6 8. a3
Bxc3 9. bxc3 Qc7 (9... dxc4 {Volzhin,A-Skvortsov,A RUS-ch Elista (05) 1996})
10. h3 (10. cxd5 exd5 11. Nh4 (11. a4 Re8 12. Ba3 c4 13. Bc2 Ne4 (13... Bg4 14.
Qe1 Bh5 15. Nh4 Ng4 16. g3 Bg6 17. Nxg6 hxg6 18. Qd2 $16 {Yususpov,A-Lobron,E
Munchen 1994 60/522 1:0 57}) 14. Bxe4 Rxe4 15. Nd2 Re8 (15... Rh4 16. g3 Rh6
17. e4 Qa5 $2 (17... Be6 $14) 18. Re1 $1 Be6 19. Re3 $16 {Kamsky,G-Almasi,Z
Groningen 1995 65/532 1:0 51}) 16. e4 Be6 (16... dxe4 $5 $13) 17. e5 Qa5 18.
Qc2 g6 $6 (18... Ne7 $5 $10) 19. Nf3 Bf5 20. Qd2 $14 {Van der
Sterren-Cifuentes Parada Nederland (ch) 1996 1:0 37}) 11... Qa5 (11... Ne7 12.
a4 Re8 13. Ba3 c4 14. Bc2 Ng6 15. Nf5 Ne4 16. Qh5 Nxc3 17. Ng3 $16 {Knaak,
R-Tischbierek,R Berlin 1989 48/(760)}) (11... c4 12. Bc2 Ne4 13. Qh5 Ne7 14.
Bxe4 dxe4 15. f3 g6 16. Qh6 Qc6 $13 {Ionescu,CO-Abramovic,B Avoine 1989 48/760
1/2-1/2 38}) 12. Qe1 $6 Re8 13. Bb2 Qd8 14. Nf5 Ne4 (14... Bxf5 15. Bxf5 Ne4
$15) 15. Ng3 Nxg3 16. hxg3 Bd7 $15 {Nilov,V-Gavirikov,V Biel 1995 64/501 1/2-1/
2 50}) 10... dxc4 11. Bxc4 e5 12. Ba2 e4 (12... b6) (12... Rd8 {Volzhin,
A-Skvortsov,A RUS-ch Elista (05) 1996}) 13. Nh2 Qe7 (13... Bf5 14. Ng4 Nxg4 15.
hxg4 Bg6 16. a4 Rfd8 17. Ba3 b6 18. Qe2 $16 {Volzhin,A-Skvortsov,A RUS-ch
Elista (05) 1996}) 14. Bb2 (14. Ng4 $2 Nxg4 15. hxg4 Qh4 $17) 14... b6 $6 (
14... Rd8 $5 {Ne5}) 15. c4 Rd8 16. d5 Ne5 17. f3 $1 Bd7 (17... exf3 18. Nxf3
$16) 18. Qc2 $1 $14 exf3 19. Nxf3 Ng6 (19... Nxf3+ 20. Rxf3 $16) 20. Rae1 Ne4
21. Nd2 Nd6 22. Bb1 Qh4 $2 (22... f6 $32 {23...Nf7+/-}) 23. e4 f6 24. Nf3 Qg3
25. Kh1 (25. e5 $6 Bf5 $13) 25... Nf4 26. Bc1 (26. e5 $2 Bf5 $17) 26... Re8 27.
e5 $5 Bf5 28. Qd2 Bxb1 29. Qxf4 Qxf4 30. Bxf4 fxe5 31. Nxe5 (31. Bxe5 Nxc4 $17)
31... Bf5 $6 (31... Bc2 $32 $14) 32. Nc6 Ne4 (32... Nxc4 $2 33. Ne7+ $18) 33.
Kh2 h5 34. d6 {Ne7} Kh8 35. Ne7 Bh7 36. Be5 $1 {Rf7} Ng5 (36... Rf8 37. Rxf8+
Rxf8 38. d7 $18) 37. h4 Ne6 38. Bg3 Rf8 39. Rxf8+ Nxf8 40. Nc6 Nd7 41. Re7 Bf5
42. Be5 $1 Rc8 (42... Nxe5 $2 43. Nxe5 {d7+-}) 43. Nxa7 (43. Bxg7+ Kg8 44. Nxa7
$14) 43... Ra8 44. Bb2 $1 Kg8 (44... Rxa7 45. Rxg7 $18) (44... Rg8 45. Nc6 $16)
45. Nc6 Ra4 46. Rxg7+ Kf8 47. Ne7 $1 Bg4 (47... Be6 48. Ng6+ Ke8 49. Re7+ $18)
48. Ng8 $1 Rxc4 49. Nh6 Be6 $141 {Rg8#} (49... Ke8 50. Rg8+ Nf8 51. Bg7 Rf4 52.
Nxg4 hxg4 53. h5 $18) 50. Re7 $1 {/\ Bg7#} Rxh4+ 51. Kg1 (51. Kg1 Rg4 $8 52.
Rxe6 $18) 1-0